Fußballspieler nach Stationen - Osteuropa - Statistiken

Allgemein
  • Dieses Quiz wurde 29 mal gespielt
  • Das Durchschnittsergebnis liegt bei 8 aus 20
Antwortstatistiken
aktive Profi-Jahre Vereine Spieler % Korrekt
2002- Zrinjski Mostar, Inter Zaprešić, Dinamo Zagreb, Tottenham Hotspur, Real Madrid Luka Modrić
81%
2003- FK Željezničar Sarajevo, FK Teplice, FK Ústí nad Labem, FK Teplice, VfL Wolfsburg, Manchester City, AS Rom, Inter Mailand, Fenerbahçe Istanbul Edin Džeko
76%
1994-2012 Dynamo Kiew, AC Mailand, FC Chelsea, AC Mailand, FC Chelsea, Dynamo Kiew Andrij Schewtschenko
71%
1998-2018 ZSKA Sofia, Bayer 04 Leverkusen, Tottenham Hotspur, Manchester United, FC Fulham, AS Monaco, PAOK Thessaloniki, Kerala Blasters Dimitar Berbatov
71%
2000-2018 Zenit St. Petersburg, FC Arsenal, Zenit St. Petersburg,FC Arsenal, Zenit St. Petersburg, FK Kuban Krasnodar, FK Qairat Almaty Andrey Arshavin
62%
1982-2001 FC Constanța, Sportul Studențesc, Steaua Bukarest, Real Madrid, Brescia Calcio, FC Barcelona, Galatasaray Istanbul Gheorghe Hagi
62%
1950-1970 Dynamo Moskau Lew Jaschin
62%
1999-2016 Roter Stern Belgrad, Spartak Subotica, Roter Stern Belgrad, Spartak Moskau, Manchester United, Inter Mailand Nemanja Vidić
62%
1998-2020 Dinamo Minsk, BATE Borisov, VfB Stuttgart, FC Arsenal, FC Barcelona, VfB Stuttgart, Birmingham City, VfL Wolfsburg, Krylja Sowetow Samara, BATE Borisov, Konyaspor, Gençlerbirliği Ankara, BATE Borisov, Gençlerbirliği Ankara, BATE Borisov, Krylja Sowetow Samara, BATE Borisov, FK Islatsch Minsk Rajon Alexander Hleb
52%
1982-2003 Hebros Charmanli, ZSKA Sofia, FC Barcelona, AC Parma, FC Barcelona, ZSKA Sofia, al-Nassr FC, Kashiwa Reysol, Chicago Fire, D.C. United Hristo Stoichkov
43%
2001-2025 FC Elva, JK Tulevik Viljandi, FC Flora Tallinn, Vålerenga IF, Heracles Almelo, AZ Alkmaar, FC Augsburg, FC Liverpool, Cagliari Calcio, Paide Linnameeskond, JK Tallinna Kalev Ragnar Klavan
43%
1984-2002 NK Osijek, Dinamo Zagreb, FC Sevilla, Real Madrid, FC Arsenal, West Ham United, TSV 1860 München Davor Šuker
29%
1982-2003 FK Etar Weliko Tarnowo, Sporting Lissabon, VfB Stuttgart Krasimir Balakov
29%
2000-2022 FK Belasica, Inter Mailand, Spezia Calcio, Ancona Calcio, Lazio Rom, Inter Mailand, SSC Neapel, Galatasaray Istanbul, CFC Genua, FC Parma Goran Pandev
19%
1987-2003 FK Partizan Belgrad, FK Budućnost Titograd, FK Partizan Belgrad, FC Valencia, Real Madrid, AC Florenz, UD Levante Predrag Mijatović
19%
1969-1990 Dynamo Kiew, SK Vorwärts Steyr, Aris Limassol Oleh Blochin
14%
1985-2003 Universitatea Craiova, Steaua Bukarest, Universitatea Craiova, PSV Eindhoven, Tottenham Hotspur, FC Barcelona, Galatasaray Istanbul, US Lecce, Dinamo Bukarest, Hannover 96 Gheorghe Popescu
10%
1979-1997 SKA Odessa, Tschornomorez Odessa, Dynamo Kiew, Borussia Mönchengladbach, Eintracht Braunschweig, Tschornomorez Odessa, Illitschiwez Mariupol Ihor Bjelanow
5%
2002-2016 Paris Saint-Germain, Olympique Marseille, AFC Sunderland, Galatasaray Istanbul, Lazio Rom, FC Nantes Lorik Cana
5%
1975-1990 Wolgar Astrachan, Spartak Moskau, FC Sevilla Rinat Dassajew
5%
Keine übereinstimmenden Quizze gefunden
Verteilung der Resultate
Anzahl Personen mit jedem Resultat
Perzentil nach korrekt beantworteten Fragen
Ihre Resultats-Entwicklung
Sie haben dieses Quiz noch nicht gespielt